00391nam a22000977a 4500082001200000100003200012245014800044260004100192650002400233700003600257 a200 THE aSYEDA NAIMA BATOOL BOKHARI  aTH-SOF-1554-Techno-Economic Analysis of the Potential of Solar Energy to Meet Energy Requirements: A Case Study of Village Forward Kahuta, AJ&K aISLAMABADbNUST COLLEGE OF EMEc2018 aMS-EM-9 MSTHESIS  aADVISOR Dr. Faheem Qaisar Jamal